Cultivating a Sense of Place in Religious Studies

This essay analyzes student learning through place-based pedagogies in an American Religions course. In the course, students analyzed cultural meanings and practices of regional religious communities and participated in sensory awareness and ecological learning in a campus garden. Embodied learning...

Full description

Saved in:  
Bibliographic Details
Main Author: Jensen, Molly Hadley (Author)
Format: Electronic Article
Language:English
Check availability: HBZ Gateway
Interlibrary Loan:Interlibrary Loan for the Fachinformationsdienste (Specialized Information Services in Germany)
Published: [2015]
In: Teaching theology and religion
Year: 2015, Volume: 18, Issue: 1, Pages: 3-19
RelBib Classification:AH Religious education
BR Ancient religions of the Americas
CD Christianity and Culture
FB Theological education
KBQ North America
ZF Education
Further subjects:B Embodied Pedagogy
B Critical Pedagogy
B Indigenous Epistemologies
B Place-Based Education
B Ecological Literacy
Online Access: Volltext (Publisher)
Volltext (doi)

MARC

LEADER 00000caa a22000002c 4500
001 1566319366
003 DE-627
005 20200914085749.0
007 cr uuu---uuuuu
008 171213s2015 xx |||||o 00| ||eng c
024 7 |a 10.1111/teth.12259  |2 doi 
035 |a (DE-627)1566319366 
035 |a (DE-576)496319361 
035 |a (DE-599)BSZ496319361 
040 |a DE-627  |b ger  |c DE-627  |e rda 
041 |a eng 
084 |a 0  |a 1  |2 ssgn 
100 1 |a Jensen, Molly Hadley  |4 aut 
245 1 0 |a Cultivating a Sense of Place in Religious Studies  |c Molly Hadley Jensen 
264 1 |c [2015] 
336 |a Text  |b txt  |2 rdacontent 
337 |a Computermedien  |b c  |2 rdamedia 
338 |a Online-Ressource  |b cr  |2 rdacarrier 
520 |a This essay analyzes student learning through place-based pedagogies in an American Religions course. In the course, students analyzed cultural meanings and practices of regional religious communities and participated in sensory awareness and ecological learning in a campus garden. Embodied learning increased student understanding and appreciation of land-based religious practices and epistemologies, and promoted multiple student literacies. In Religious Studies, place-based learning is vital to the examination of the rich dimensions and expressions of religious experience. Across disciplines, place-based pedagogies can expand and deepen text-based learning, cultivate recognition of various ways of knowing, foster affective connections to the local community, and develop critical skills for addressing patterns of displacement and ecological denigration. 
650 4 |a Critical Pedagogy 
650 4 |a Ecological Literacy 
650 4 |a Embodied Pedagogy 
650 4 |a Indigenous Epistemologies 
650 4 |a Place-Based Education 
652 |a AH:BR:CD:FB:KBQ:ZF 
773 0 8 |i Enthalten in  |t Teaching theology and religion  |d Oxford : Wiley-Blackwell, 1998  |g 18(2015), 1, Seite 3-19  |h Online-Ressource  |w (DE-627)320636356  |w (DE-600)2024563-4  |w (DE-576)098253379  |x 1467-9647  |7 nnas 
773 1 8 |g volume:18  |g year:2015  |g number:1  |g pages:3-19 
856 4 0 |u http://onlinelibrary.wiley.com/doi/10.1111/teth.12259/abstract  |x Verlag  |3 Volltext  |7 1 
856 |u https://doi.org/10.1111/teth.12259  |x doi  |3 Volltext 
951 |a AR 
ELC |a 1 
ITA |a 1  |t 1 
LOK |0 000 xxxxxcx a22 zn 4500 
LOK |0 001 2989789936 
LOK |0 003 DE-627 
LOK |0 004 1566319366 
LOK |0 005 20200916203841 
LOK |0 008 171213||||||||||||||||ger||||||| 
LOK |0 040   |a DE-Tue135  |c DE-627  |d DE-Tue135 
LOK |0 092   |o n 
LOK |0 852   |a DE-Tue135 
LOK |0 852 1  |9 00 
LOK |0 935   |a ixzs  |a ixzo 
LOK |0 936ln  |0 1442049227  |a KBQ 
LOK |0 936ln  |0 1550364804  |a AH 
LOK |0 936ln  |0 1442044047  |a FB 
LOK |0 936ln  |0 1442053712  |a ZF 
LOK |0 936ln  |0 1442043857  |a CD 
LOK |0 936ln  |0 1442043725  |a BR 
LOK |0 939   |a 13-12-17  |b l01 
ORI |a SA-MARC-ixtheoa001.raw 
REL |a 1 
SUB |a REL